| 000 | 00535cab a2200217 4500 | ||
|---|---|---|---|
| 001 | X3673 | ||
| 008 | 090401t1996 xxu||||| |||| 00| 0 eng d | ||
| 035 | _a(Sirsi) u32027 | ||
| 041 | _aeng | ||
| 100 | _aMiles, L. | ||
| 245 | _aFair market values and the cost approach | ||
| 260 | _c1996 | ||
| 350 | _a0 | ||
| 490 |
_aValuation (ASA) _v40(1) June 1996, 58-74(17) |
||
| 650 | _aCOST APPROACH | ||
| 650 | _aFAIR MARKET VALUE | ||
| 650 | _aMARKET VALUES | ||
| 690 | _aRATING AND VALUATION | ||
| 942 | _n0 | ||
| 948 | _c04/03/1997 | ||
| 999 |
_c21492 _d21492 |
||